| 000 | 00375nam a22001337a 4500 | ||
|---|---|---|---|
| 082 |
_a363.7392 _bCOS |
||
| 245 | _aThe cost and effectiveness of automotive exhaust emission control regulations | ||
| 260 |
_bParis _c1979 |
||
| 300 |
_a94p. _c24cm |
||
| 526 |
_a0 _b0 _c0 _d363_739200000000000_COS |
||
| 650 |
_aNUST _96342 |
||
| 700 |
_aru andre-pascal _938193 |
||
| 942 |
_2ddc _cBK |
||
| 999 |
_c542840 _d542840 |
||